000 01365nam a2200373 i 4500
001 ELB226449
003 FINmELB
005 20250326042946.0
006 m o u
007 cr cn|||||||||
008 230306s2022 cl o 000 0 spa d
020 _z9788419372420
_qimpreso
035 _a(OCoLC)1373950327
040 _aFINmELB
_bspa
_erda
_cFINmELB
050 4 _aPN3448.D4
_bG743 2022
080 _a82-1
082 0 4 _a890.1
_223
100 1 _aGrech, Elizabeth,
_eautor.
245 1 0 _aTierras suspendidas /
_cElizabeth Grech ; traducción de Marisol Bohórquez Godoy.
264 1 _aSantiago de Chile :
_bRIL editores,
_c2022.
300 _a1 recurso en línea
336 _atexto
_btxt
_2rdacontent/spa
337 _acomputadora
_bc
_2rdamedia/spa
338 _arecurso en línea
_bcr
_2rdacarrier/spa
490 1 _a¥rea / carménáere
588 _aDescripción basada en metadatos suministrados por el editor y otras fuentes.
590 _aRecurso electrónico. Santa Fe, Arg.: elibro, 2023. Disponible vía World Wide Web. El acceso puede estar limitado para las bibliotecas afiliadas a elibro.
650 4 _aPoesía.
655 4 _aLibros electrónicos.
700 1 _aBohórquez Godoy, Marisol,
_etraductor.
797 2 _aelibro, Corp.
830 0 _a¥rea / carménáere.
856 4 0 _uhttps://elibro.net/ereader/usam/226449
999 _c138061
_d138061